Orte mit trauriger Bekanntheit - Statistiken

Allgemein
  • Dieses Quiz wurde 58 mal gespielt
  • Das Durchschnittsergebnis liegt bei 8 aus 23
Antwortstatistiken
Jahr Tipp Antwort % Korrekt
2021 Unwetter überschwemmen dieses Tal in Rheinland-Pfalz Ahrtal
84%
79 v. Chr Ein Vulkanausbruch zerstört diese Stadt nahe des heutigen Neapel Pompeji
75%
2011 Ein Tsunami beschädigt dieses Atomkraftwerk in Japan Fukushima
73%
1980er Pablo Escobars Drogenimperium ist untrennbar mit seiner Heimatstadt in Kolumbien verbunden Medellin
55%
146 v. Chr Römer zerstören diese Stadt im heutigen Tunesien Karthago
53%
2005 Ein Hurricane zerstört den Damm dieser Stadt in den USA und überflutet sie New Orleans
47%
2014 Diese Region spaltet sich von der Ukraine ab und gründet ihre eigene Volksrepublik. Damit beginnt unter Anderem der ukrainische-russische Konflikt Donetsk
42%
1940 Aus diesem Ort im Norden Frankreichs, können mehr als 300.000 Soldaten evakuiert werden Dünkirchen
40%
2011 Der NSU, der nationalsozialistische Untergrund, wird in dieser Stadt in Sachsen entdeckt Zwickau
33%
1988 Der PanAm Flug 103 wird über dieser schottischen Kleinstadt abgeschossen Lockerbie
31%
2014 Diese Region spaltet sich von der Ukraine ab und gründet ihre eigene Volksrepublik. Damit beginnt unter Anderem der ukrainische-russische Konflikt Luhansk
31%
2025 Ein Bergrutsch verschüttet diesen Ort in der Schweiz Blatten
29%
1692 Hexenprozesse machen die Kleinstadt in Massachusetts berühmt Salem
29%
1918 Diese Stadt in Belgien, direkt an der Westfront gelegen, ist mit Ende des 1. Weltkriegs komplett zerstört. Deutsche Truppen setzen erstmals Chlorgas ein Ypern
29%
2023 Dieser Ort in NRW wird nach langen Protestaktionen für den Kohleabbau abgerissen Lützerath
27%
1943 Bei dieser russischen Stadt findet die größte Panzerschlacht der Geschichte statt Kursk
18%
1999 Das größte Lawinenunglück Österreichs verschüttet diesen Ort Galtür
16%
2000 Eine Gondel der Gletschbahn dieses Ortes in Salzburg brennt im Tunnel aus Kaprun
15%
2009 Ein Erdbeben zerstört große Teile der Hauptstadt der Region Abruzzen in Italien L'Aquila
15%
1986 Ein Reaktorunfall macht diese Stadt nahe des Kernkraftwerks Tschernobyl unbewohnbar Prypjat
15%
2008 Josef Fritzl wird festgenommen. Er hält seine Tochter im Keller in dieser Stadt in Niederösterreich gefangen Amstetten
13%
2012 Das Schiff Costa Concordia rammt einen Felsen vor dieser Insel und sinkt teilweise ab Giglio
13%
1998 Ein Grubenunglück verschüttet Bergarbeiter in dieser Gemeinde in der Steiermark Lassing
5%
Keine übereinstimmenden Quizze gefunden
Verteilung der Resultate
Anzahl Personen mit jedem Resultat
Perzentil nach korrekt beantworteten Fragen
Ihre Resultats-Entwicklung
Sie haben dieses Quiz noch nicht gespielt